000 00314nam a2200121 a 4500
005 20140414132101.0
008 100719s19uu xx 00 eng d
050 _aM 001.64
_bC73 2004
100 _aBPB editorial board
245 _aComputers made friendly.
260 _aDelhi :
_bBPB pub,
_c2004.
999 _c114476
_d114476